| 000 | 00898nam a22002177a 4500 | ||
|---|---|---|---|
| 005 | 20230220184854.0 | ||
| 008 | 230220b mx ||||| |||| 00| 0 spa d | ||
| 020 | _a9786075490649 | ||
| 050 | 0 | 4 |
_aKGF3015 _bA67 2018 |
| 100 | 1 |
_aApreza Salgado, Socorro, _eautor |
|
| 245 | 1 | 0 |
_aLibertad de expresion y derechos de los periodistas _c/ Socorro Apreza Salgado. |
| 250 | _a1a ed. | ||
| 260 |
_aMéxico : _bUniversidad Nacional Autónoma de México, Instituto Nacional de Estudios Históricos de las Revoluciones de México, Instituto de Investigaciones Jurídicas, _cc2018 |
||
| 300 |
_axxi, 133 p. ; _c20 cm. |
||
| 490 | 0 | _aBiblioteca Constitucional. Nuestros Derechos. | |
| 504 | _aBibliografía : p. 123-133 | ||
| 650 | 4 | _aLibertad de prensa | |
| 650 | 4 |
_aLibertad de información _zMéxico |
|
| 650 | 4 |
_aPeriodistas |x Condicion juridica, leyes, etc. _zMéxico |
|
| 942 |
_2lcc _cLIB |
||
| 999 |
_c166217 _d166215 |
||